000
00316nam a2200121 a 4500
005
20140414131903.0
008
100922s19uu xx 00 eng d
050
_a
FIC
_b
K87 2000
100
_a
Krensky, Stephen
245
_a
Buster's new friend.
260
_a
Boston :
_b
LIttle, Brown and Co,
_c
2000.
999
_c
110796
_d
110796